000 03751nab a2200313 i 4500
003 BR-BrBNA
005 20240214141040.0
008 240214b2000 bl.fr|p|oa||| 00| 0 por |
040 _aBR-BrBNA
_bpor
072 _aF63
072 _aL20
100 _aMalerbo-Souza, Darclet T.
100 _aMota, Manoel O.S.
100 _aNogueira-Couto, Regina H.
100 _aSouza, Júlio C.
245 _aInsetos associados a inflorescências do manjericão (Ocimum basilicum L.)
500 _aPublicação on-line; 12 ref.; 1 table; Summaries (En, Pt)
520 _a RESUMO: O objetivo do presente trabalho foi estudar a polinização em manjericão (Qc/mum L). a fim de verificar sua aíratrvidado para as abelhas Apis mellifera, os insetos mais frequentes, bem como seus comportamentos e efeitos na produção de sementes. A ítor durou, em média, 30 horas, desde sua abertura até o murchamento. O número de flores abertas por inílorescência foi. em média, 5.65 ± 1,42 llores. sendo que a inflorescência possuía, em média, 160 * 11,73 botões florais. O manjericão foi visitado quase que exclusivamente pela abelha A meWra(africanizada) - Apidae (98,0%), seguida pela abelha Augochtorops/s efecíra-Halictidae (2.0%). havendo visitas esporádicas de dipteros c lepidópleros, sendo que Iodos coletaram apenas néctar A frequência da abelha africanizada aumentou no decorrer do dia até às 14 horas, diminuindo em seguida, acompanhando a curva da temperatura ambiente registrada nos dias de observação e acompanhando também o aumento na concentração de açúcares do néctar das flores do manjericão. As abelhas aíricanizadas demoraram de 1 a 3 segundos em cada flor. O manjericão pode ser considerado uma importante fonte de néctar para as abelhas Ap/s mellifera. Palavras chave: Apis mellifera. manjericão, Ocimum basilicum, polinização, abelhas africanizadas
520 _a ABSTRACT Insects associated to the inflorescences of basil (Ocimum basilicum L ) The objective of the present work was to study the pollination in basil (Oc/mum basilicum), in order to verify its attractiveness for honey bees (Aptó mellifera), the most frequent insects, as well as rts behaviors and effects on the production of seeds. The basil flower lasted, on average, 30 hours, from the bud phase until the flower withered. The number of flowers opened by inflorescence was, on average, 5,65 ± 1.42 flowers, and the inflorescence presented a mean of 160 ± 11,73 flowers-buds. The basil was visited mainly by afncanized honey bee (98,0%), followed by the native bee Augoch/orops/s efec/ra-Halictidae (2.0%) and sporadic visits of Diptera and Lepidoptera. All insects collected only nectar in the culture and delayed of 1 to 3 seconds in each flower. The frequency of the honey bee increased in elapsing of the day to 14:00. decreasing soon after accompanying the curve of the temperature sets registered in the days of the experiment and also the increase in nectar concentration of the flowers. The basil can be considered an important nectar source to africanized honey bees. Keywords; Apis mellifera. basif. Ocimum basilicum, pollination, africanized honey bees
650 _aAPIS MELLIFERA
650 _aMANJERICÃO
650 _aOCIMUM BASILICUM
650 _aPOLINIZAÇÃO
650 _aABELHA AFRICANA
773 0 _03543
_913657
_dBotucatu-SP Instituto de Biociências - Departamento de Química e Bioquímica 1998
_o2023-29682
_tRevista Brasileira de Plantas Medicinais (Brazil)
_x1516-0572
_gv. 2(2) p. 27-30; (2000)
_wBR2024000013
856 _uhttps://www.sbpmed.org.br/admin/files/papers/file_3Ye2j1AcJDBI.pdf
942 _cAnalítica
999 _c298492
_d298492